[Event "Championnat de la Loire virtuel"]
[Site "?"]
[Date "2001.10.20"]
[Round "7"]
[White "Brisson, Philippe"]
[Black "Rivet, Gerard"]
[Result "0-1"]
[WhiteElo "1400"]
[BlackElo "1499"]
[PlyCount "74"]

1. c4 f5 2. d4 Nf6 3. Nc3 e6 4. e3 Bb4 5. Bd2 O-O 6. a3 Bxc3 7. Bxc3 Ne4 8. Ne2
d6 9. f3 Nxc3 10. Nxc3 Nc6 11. Bd3 Qh4+ 12. g3 Qh6 13. Qe2 e5 14. dxe5 dxe5 15.
Nd5 Qd6 16. O-O Be6 17. f4 e4 18. Bc2 Bxd5 19. cxd5 Ne7 20. Rfd1 Nxd5 21. Bb3
c6 22. Rd2 Rad8 23. Rad1 Qc5 24. Rc2 Qb6 25. Ba2 Kh8 26. Bxd5 Rxd5 27. Rxd5
cxd5 28. Kf2 d4 29. Qd2 Qb3 30. exd4 e3+ 31. Qxe3 Qxc2+ 32. Kf3 Qxb2 33. Qe5
Qxa3+ 34. Kg2 Qb2+ 35. Kh3 Rd8 36. Qc5 Qxd4 37. Qxf5 Qd7 0-1

[Event "Championnat de la Loire virtuel"]
[Site "?"]
[Date "2001.10.20"]
[Round "7"]
[White "Valet, Godeffroy"]
[Black "Deville, Olivier"]
[Result "1/2-1/2"]
[WhiteElo "1570"]
[BlackElo "2038"]
[PlyCount "91"]

1. e4 c5 2. Nc3 a6 3. Nf3 b5 4. d4 cxd4 5. Nxd4 e6 6. g3 Bb7 7. Bg2 Nf6 8. O-O
b4 9. Na4 Bxe4 10. Bxe4 Nxe4 11. Re1 Nf6 12. c3 Be7 13. cxb4 Bxb4 14. Bd2 a5
15. a3 Be7 16. Rc1 O-O 17. Qf3 Nd5 18. Nc3 Nb6 19. Nb3 a4 20. Be3 Nc6 21. Nd4
Ne5 22. Qe4 Nec4 23. Nf3 Nxe3 24. Qxe3 Nc4 25. Qe2 Nd6 26. Nd5 Nf5 27. Ne3 Nxe3
28. Qxe3 Bf6 29. Re2 d5 30. Rd2 Qd6 31. Nd4 Qb6 32. Rc6 Qb7 33. Rcc2 Rfc8 34.
Qd3 Rxc2 35. Rxc2 Rc8 36. Qb5 Qb8 37. Rxc8+ Qxc8 38. Qxa4 g6 39. b3 Qc3 40. Nb5
Qd3 41. Qb4 d4 42. Nd6 Be7 43. Qb8+ Bf8 44. a4 Qc3 45. Qe8 Qf3 46. Qb8 1/2-1/2

[Event "Championnat de la Loire virtuel"]
[Site "?"]
[Date "2001.10.20"]
[Round "7"]
[White "Pomat, Jerome"]
[Black "Soler, Gerald"]
[Result "1-0"]
[WhiteElo "1480"]
[BlackElo "1140"]
[PlyCount "49"]

1. e4 e5 2. f4 exf4 3. Nf3 d6 4. Bc4 g5 5. Nc3 Bg7 6. h4 h6 7. Qe2 Qe7 8. Nd5
Qf8 9. e5 Kd7 10. hxg5 hxg5 11. Rxh8 Bxh8 12. d4 Qh6 13. exd6 Qxd6 14. Nxg5
Bxd4 15. Bxf4 Qf8 16. O-O-O Kd8 17. Bxc7+ Kd7 18. Rxd4 Nc6 19. Rf4 Qh6 20.
Rxf7+ Nge7 21. Rxe7+ Nxe7 22. Qxe7+ Kc6 23. Qe8+ Bd7 24. Qe5 Re8 25. Nb4# 1-0

[Event "Championnat de la Loire virtuel"]
[Site "?"]
[Date "2001.10.20"]
[Round "7"]
[White "Rousset, Nicolas"]
[Black "Valla, Nicolas"]
[Result "1-0"]
[WhiteElo "1910"]
[BlackElo "1940"]
[PlyCount "131"]

1. e4 c6 2. d4 d5 3. e5 Bf5 4. Nc3 e6 5. g4 Bg6 6. Nge2 c5 7. Be3 Nc6 8. dxc5
Nxe5 9. Nf4 a6 10. Qe2 Nf6 11. O-O-O Nfxg4 12. Nfxd5 exd5 13. Rxd5 Qe7 14. Bf4
f6 15. f3 Bf7 16. fxg4 Bxd5 17. Nxd5 Qxc5 18. Bxe5 Qxd5 19. Bxf6+ Kf7 20. Bg2
Qe6 21. Qd2 Bb4 22. c3 Qxf6 23. Rf1 Be7 24. Rxf6+ gxf6 25. Qd5+ Kf8 26. Qxb7
Rd8 27. Qxa6 h5 28. h3 hxg4 29. hxg4 Bd6 30. Qf1 Be5 31. g5 Rd6 32. a4 Rh7 33.
Qf5 Rhd7 34. gxf6 Bxf6 35. Bc6 Re7 36. Bb5 Re5 37. Qc8+ Rd8 38. Qc6 Bg5+ 39.
Kc2 Rd2+ 40. Kb3 Rdd5 41. Qg6 Rc5 42. Bc4 Ke7 43. Qf7+ Kd6 44. Bb5 Re7 45. Qg6+
Kc7 46. Qa6 Be3 47. a5 Kb8 48. Qd6+ Rec7 49. c4 Rh5 50. a6 Rhh7 51. Ka4 Bc5 52.
Qe5 Rhe7 53. Qh8+ Rc8 54. Qh2+ Ka7 55. b4 Bb6 56. Qd6 Re4 57. Qd5 Re7 58. c5
Bd8 59. Bc4 Rh7 60. b5 Rb8 61. Qd6 Bc7 62. Qf6 Bd8 63. Qg6 Rh4 64. b6+ Bxb6 65.
cxb6+ Rxb6 66. Qf7+ 1-0

[Event "Championnat de la Loire virtuel"]
[Site "?"]
[Date "2001.10.20"]
[Round "8"]
[White "Poncet, Alain"]
[Black "Valla, Nicolas"]
[Result "0-1"]
[WhiteElo "1820"]
[BlackElo "1940"]
[PlyCount "34"]

1. e4 c6 2. Bc4 d5 3. exd5 cxd5 4. Bb5+ Bd7 5. Bxd7+ Nxd7 6. Nf3 Ngf6 7. d3 Qc7
8. c3 e5 9. O-O Bd6 10. h3 O-O 11. Na3 Bxa3 12. bxa3 Qxc3 13. Rb1 Qc7 14. Bg5
Rfe8 15. Bxf6 Nxf6 16. Qb3 Qd6 17. Qxb7 Reb8 0-1

[Event "Championnat de la Loire virtuel"]
[Site "?"]
[Date "2001.10.20"]
[Round "8"]
[White "Soler, Gerald"]
[Black "Rousset, Nicolas"]
[Result "0-1"]
[WhiteElo "1140"]
[BlackElo "1910"]
[PlyCount "26"]

1. e4 c5 2. Nf3 Nc6 3. d4 cxd4 4. Nxd4 e5 5. Nf3 Nf6 6. Bd3 d5 7. Qe2 Bg4 8. c3
Be7 9. Nbd2 O-O 10. exd5 Nxd5 11. O-O Nf4 12. Qe4 Qxd3 13. Qxd3 Nxd3 0-1

[Event "Championnat de la Loire virtuel"]
[Site "?"]
[Date "2001.10.20"]
[Round "8"]
[White "Deville, Olivier"]
[Black "Pomat, Jerome"]
[Result "1-0"]
[WhiteElo "2038"]
[BlackElo "1480"]
[PlyCount "67"]

1. Nf3 Nc6 2. d4 e6 3. c4 d5 4. Nc3 dxc4 5. e4 Nf6 6. Bxc4 e5 7. d5 Na5 8. Qa4+
c6 9. dxc6 Nxc6 10. Nxe5 Be6 11. Nxc6 bxc6 12. Bxe6 fxe6 13. Qxc6+ Kf7 14. O-O
Rc8 15. Qa4 Bd6 16. Qxa7+ Rc7 17. Qa6 Bxh2+ 18. Kxh2 Nxe4 19. Nxe4 Qh4+ 20. Kg1
Qxe4 21. Bd2 h5 22. Rfe1 Qg4 23. Qd6 Rb7 24. Qf4+ Qxf4 25. Bxf4 Rxb2 26. a4 Rb4
27. Be3 Ra8 28. a5 h4 29. a6 Rg4 30. a7 h3 31. g3 Rc4 32. Reb1 Rcc8 33. Rb7+
Kg6 34. Rab1 1-0

[Event "Championnat de la Loire virtuel"]
[Site "?"]
[Date "2001.10.20"]
[Round "8"]
[White "Rivet, Gerard"]
[Black "Valet, Godeffroy"]
[Result "1-0"]
[WhiteElo "1499"]
[BlackElo "1570"]
[PlyCount "41"]

1. e4 c5 2. Nc3 Nc6 3. g3 g6 4. Bg2 Bg7 5. d3 d6 6. f4 e6 7. Nf3 Nge7 8. O-O
O-O 9. Be3 Nd4 10. Qd2 Nec6 11. e5 Nxf3+ 12. Bxf3 Nd4 13. Bg2 dxe5 14. fxe5
Bxe5 15. Qf2 Rb8 16. Rae1 Bg7 17. Bf4 Ra8 18. Kh1 Re8 19. Ne4 e5 20. Bg5 Qb6
21. Qxf7+ 1-0

[Event "Championnat de la Loire virtuel"]
[Site "?"]
[Date "2001.10.20"]
[Round "8"]
[White "Rea, Laurent"]
[Black "Brisson, Philippe"]
[Result "1-0"]
[WhiteElo "1840"]
[BlackElo "1400"]
[PlyCount "45"]

1. d4 d5 2. c4 c6 3. Nf3 Nf6 4. Nc3 Bf5 5. cxd5 cxd5 6. Qb3 b6 7. Bf4 e6 8. Nb5
Na6 9. Qa4 Bb4+ 10. Bd2 Bxd2+ 11. Nxd2 Nc7 12. Nxc7+ Ke7 13. Nxa8 Qxa8 14. Rc1
Qb7 15. Qc6 Qxc6 16. Rxc6 Kd7 17. Rc3 h5 18. g3 Be4 19. f3 Bh7 20. Bg2 g5 21.
e4 Re8 22. O-O Bg6 23. Rfc1 1-0

[Event "Championnat de la Loire virtuel"]
[Site "?"]
[Date "2001.10.20"]
[Round "9"]
[White "Brisson, Philippe"]
[Black "Poncet, Alain"]
[Result "0-1"]
[WhiteElo "1400"]
[BlackElo "1820"]
[PlyCount "58"]

1. e4 Nf6 2. Nc3 d5 3. d3 d4 4. Nce2 e5 5. Nf3 Bd6 6. Bg5 h6 7. Bxf6 Qxf6 8.
Ng3 O-O 9. Be2 Nc6 10. c3 dxc3 11. bxc3 b6 12. O-O Bb7 13. Nh5 Qg6 14. Nh4 Qg5
15. Nf5 Ne7 16. Nxe7+ Bxe7 17. f4 exf4 18. Nxf4 Bd6 19. Nh3 Qe5 20. c4 Qxh2+
21. Kf2 f5 22. Bf3 fxe4 23. dxe4 Bxe4 24. Rh1 Bc5+ 25. Ke2 Bxf3+ 26. Kd3 Rad8+
27. Kc2 Qxg2+ 28. Kb3 Bxd1+ 29. Raxd1 Rf3+ 0-1

[Event "Championnat de la Loire virtuel"]
[Site "?"]
[Date "2001.10.20"]
[Round "9"]
[White "Valet, Godeffroy"]
[Black "Rea, Laurent"]
[Result "1-0"]
[WhiteElo "1570"]
[BlackElo "1840"]
[PlyCount "51"]

1. e4 c5 2. Nf3 e6 3. d4 cxd4 4. Nxd4 a6 5. Bd3 Qc7 6. O-O b5 7. f4 Bb7 8. Be3
Bc5 9. Qg4 g6 10. Nd2 Nc6 11. c3 Nge7 12. Qg5 O-O-O 13. Qxc5 h5 14. a4 d6 15.
Qg5 f5 16. Nxe6 Kb8 17. Nxc7 Kxc7 18. a5 Rdg8 19. c4 b4 20. c5 d5 21. e5 Rf8
22. Nb3 Bc8 23. Nd4 Rf7 24. Nxc6 Kxc6 25. Ra4 Rhh7 26. Rxb4 1-0

[Event "Championnat de la Loire virtuel"]
[Site "?"]
[Date "2001.10.20"]
[Round "9"]
[White "Pomat, Jerome"]
[Black "Rivet, Gerard"]
[Result "0-1"]
[WhiteElo "1480"]
[BlackElo "1499"]
[PlyCount "42"]

1. e4 d5 2. d4 dxe4 3. Nc3 Nf6 4. f3 Bf5 5. Bc4 Nc6 6. d5 Ne5 7. Qe2 e6 8. fxe4
Nxe4 9. Nxe4 Nxc4 10. Qxc4 Qh4+ 11. Kf1 Qxe4 12. Qb5+ Kd8 13. Qxb7 Qxd5 14.
Qxd5+ exd5 15. c3 Bc5 16. Nf3 Bd3+ 17. Ke1 Re8+ 18. Kd1 Re2 19. g3 Rf2 20. Nd4
Kd7 21. Be3 Rxb2 0-1

[Event "Championnat de la Loire virtuel"]
[Site "?"]
[Date "2001.10.20"]
[Round "9"]
[White "Rousset, Nicolas"]
[Black "Deville, Olivier"]
[Result "0-1"]
[WhiteElo "1910"]
[BlackElo "2038"]
[PlyCount "160"]

1. b3 d5 2. Bb2 Bg4 3. g3 c6 4. Bg2 Nd7 5. d4 Ngf6 6. Qd3 e6 7. f3 Bf5 8. e4
Bg6 9. Nd2 Be7 10. Nh3 h6 11. Nf4 Bh7 12. Qe2 dxe4 13. fxe4 a5 14. c4 O-O 15.
e5 Ne8 16. O-O Nc7 17. Ne4 a4 18. Rad1 axb3 19. axb3 Ra2 20. Nc3 Ra5 21. d5
Bc5+ 22. Kh1 cxd5 23. cxd5 Qc8 24. d6 Na6 25. Ne4 Bb6 26. Rc1 Qa8 27. Bc3 Ra3
28. Qb5 Rd8 29. Ra1 Rxa1 30. Bxa1 Nab8 31. Nd2 Nc6 32. Nc4 Bd4 33. Bxd4 Nxd4
34. Qb4 Qa2 35. Qxb7 Qxb3 36. Qc7 Qb8 37. Rc1 Bf5 38. Na5 Nxe5 39. Nb7 Rf8 40.
d7 Nxd7 41. Qxd7 e5 42. Qd5 exf4 43. Qxd4 fxg3 44. hxg3 Qxg3 45. Nd6 Be6 46.
Rf1 Rd8 47. Nf5 Rxd4 48. Nxg3 Bd5 49. Bxd5 Rxd5 50. Nf5 Kf8 51. Kg2 h5 52. Kh3
f6 53. Nh4 Rd3+ 54. Kg2 Kf7 55. Ra1 g5 56. Nf3 Rd5 57. Ra6 Kg6 58. Ra4 g4 59.
Nh2 Kg5 60. Nf1 f5 61. Rc4 h4 62. Rc3 f4 63. Rc8 h3+ 64. Kf2 Rb5 65. Rg8+ Kh4
66. Rh8+ Kg5 67. Rg8+ Kf5 68. Rf8+ Ke5 69. Re8+ Kd6 70. Rf8 Rb2+ 71. Kg1 Rb1
72. Rxf4 g3 73. Rf2 gxf2+ 74. Kxf2 Ke5 75. Nh2 Kf4 76. Nf1 Rb2+ 77. Kg1 Rg2+
78. Kh1 Rf2 79. Kg1 Kf3 80. Nh2+ Kg3 0-1

[Event "Championnat de la Loire virtuel"]
[Site "?"]
[Date "2001.10.20"]
[Round "9"]
[White "Valla, Nicolas"]
[Black "Soler, Gerald"]
[Result "1-0"]
[WhiteElo "1940"]
[BlackElo "1140"]
[PlyCount "29"]

1. e4 e5 2. Nf3 Nc6 3. d4 exd4 4. Bc4 Bb4+ 5. c3 dxc3 6. O-O d6 7. a3 cxb2 8.
Bxb2 Ba5 9. Bxg7 Be6 10. Bxe6 fxe6 11. Bxh8 Qe7 12. Nd4 Nxd4 13. Qh5+ Kd7 14.
Qxa5 Nb3 15. Qa4+ 1-0